000 01083nam a2200265 a 4500
001 64715
003 BD-RjUL
005 20211209081337.0
008 170219s1979 ncu b 001 0 eng d
020 _a0822304007
035 _a(BD-RjUL)64845
040 _aDLC
_cDLC
_dBD-RjUL
_beng
041 _aeng
082 0 0 _a973.31
_223
_bPRR 1979
100 1 _aPrice, Richard
_d1723-1791
_9191855
245 1 0 _aRichard Price and the ethical foundations of the American Revolution :
_bselections from his pamphlets, with appendices /
_cRichard Price ; edited and interpreted in an introductory essay by Bernard Peach, with the research assistance of Jon Erik Larson.
260 _aDurham, N.C. :
_bDuke University Press,
_c1979.
300 _a350 p. ;
_c25 cm.
504 _aIncludes bibliographical references and index.
600 1 0 _aPrice, Richard,
_d1723-1791.
_9191858
651 0 _aUnited States
_xPolitics and government
_y1775-1783.
_9191856
651 0 _aUnited States
_xHistory
_yRevolution, 1775-1783
_xCauses.
_9191616
700 1 _aPeach, Bernard
_d1918-
_9191857
942 _2ddc
_cBK
999 _c64715
_d64715